Marvel Civil War Quiz Stats

 Plays Quiz not verified by Sporcle

Challenge
Share
Tweet
Embed
Score 0/35 Timer 10:00
0 Plays Today
Question Answer % Correct
Leader of the Registration Act???
98.1%
Leader o the Resistance???
97.1%
T-F: Thor was in the War????
46.7%
T-F: The Hulk was not in the War.???
45.2%
T-F: Captain America did not die.???
44.8%
Caps assassin???
42.9%
Invisible Woman's side???
32.9%
T-F: Cap was buried with his shield.???
31.9%
T-F: Hawkeye was not in the Civil War???
31.4%
Who takes Caps place????
31%
Who shot Cap 3 times????
29%
Falcons side???
28.6%
Namor's side???
28.1%
Who won the Civil War???
27.6%
Who ended the War????
27.6%
Nick Fury's side???
27.1%
Wolverine's side???
24.8%
Cloak & Dagger's side???
24.3%
Question Answer % Correct
Human Torches side???
23.3%
Director of SHIELD???
22.9%
Cables side???
22.9%
Final fighting place of the War???
22.4%
Who did Spider Man give up to save Aunt May????
21%
Who deactivated Clone Thor????
19%
Who did Spider Man go to, to save Aunt May????
17.1%
Cyclops's side???
16.2%
Ms Marvel's side???
16.2%
Who killed Goliath???
15.7%
Lady Deathstrike's side???
15.7%
Beast's side???
14.8%
Who did Iron Man ask to take Caps place????
10%
Who brought Cap back from the 1940s???
8.6%
Who came up with the Registration Act????
5.2%
First destination of the Civil War???
1.4%
Director of SHIELD after the War???
0.5%

You're not logged in!

Compare scores with friends on all Sporcle quizzes.
Join for Free
OR
Log In

You Might Also Like...

Show Comments

Extras

Created Oct 10, 2012ReportFavoriteNominate

Top Quizzes Today


Score Distribution

Your Account Isn't Verified!

In order to create a playlist on Sporcle, you need to verify the email address you used during registration. Go to your Sporcle Settings to finish the process.

Report this User

Report this user for behavior that violates our Community Guidelines.

Details: